Instruments de musique - Statistiques

Statistiques générales
  • Ce quiz a été pris 20 fois
    19 depuis la dernière actualisation
  • Le résultat moyen est 19 sur 47
Statistiques - réponses
Catégorie Indices Réponses % Correct
Instrument à clés et à anche simple à la perce quasi cylindrique créé vers 1690 par Johann Christoph Denner à Nuremberg sur la base d'un instrument plus ancien : le chalumeau. Clarinette
100%
Instrument à vent à anche simple, muni d'un bec de clarinette. On l'utilise dans les musiques militaires, les harmonies et les orchestres de jazz. Ex : Charlie Parker, John Coltrane. Saxophone
100%
Instrument muni d'une embouchure et formé d'un tube légèrement conique évasé en pavillon, fabriqué dans un tube de 1,50 m de long comme le cornet. On l'emploie pour les sonneries militaires ou dans des orchestres de jazz. Ex : Louis Armstrong, Dizzy Gillespie, Miles Davis, Chet Baker. Trompette
100%
Instrument à vent et à embouchure de la famille des cuivres qui est actionné par une coulisse ou par des pistons. Trombone
91%
1. [Plus petit] Cet instrument à quatre cordes compte parmi ses virtuoses Paganini. Il présente la tessiture la plus aiguë au sein de sa famille. Violon
82%
Instrument en bois, à vent et à anche double, formant dans l'orchestre la basse de la famille précédente. Il est apparu en Italie à la fin du XVIe siècle sous le nom de fagotto. Basson
73%
Petite flûte traversière accordée à l'octave supérieure de la flûte. Piccolo
73%
4. [Plus grand] Cet instrument utilisé à la fois dans les orchestres symphoniques et dans les sections rythmiques de jazz compte Charles Mingus parmi ses grands interprètes. Contrebasse
64%
3. Jean-Sébastien Bach composa six suites célèbres pour cet instrument, dont Mstislav Rostropovitch fut un des grands interprètes. Violoncelle
64%
2. Cet instrument ressemblant fortement au précédent est toutefois plus grand, plus épais et plus grave d'une quinte que ce dernier. Alto
55%
Cornemuse bretonne accompagnant traditionnellement la bombarde. Biniou
55%
Instrument sans clé ni piston en usage surtout dans l'armée. Clairon
55%
Instrument à anche double, dont le tuyau, légèrement conique, se termine par un pavillon peu évasé. La bombarde fait partie de la famille de cet instrument. Hautbois
55%
Cet instrument populaire dans les civilisations antiques aurait, selon la légende, été créé par le dieu Hermès à partir d'une grande carapace de tortue. Lyre
55%
Petit instrument de musique généralement fabriqué dans du plastique ou du métal, qui est de forme ovoïde, qui est pourvu d'un bec. Il ressemble à une tête d'oie. Ocarina
55%
Corne d'environ 70 cm de long, popularisée dans les années 1990 par les supporters des deux clubs de football de Soweto en Afrique du Sud. Vuvuzela
55%
Instrument fait de deux morceaux de bois dont l'un est percuté contre l’autre. Claves
45%
Instrument africain composé d'un fût de bois en forme de calice sur lequel est montée une peau de chèvre ou d'antilope tendue et que l'on joue à mains nues. Djembé
45%
Instrument de musique à percussion, composé de lames de métal mises en vibration à l'aide de baguettes. En allemand, le mot signifie carillon (littéralement : « jeu de cloches ») - cet instrument étant à l'origine composé de clochettes. Glockenspiel
45%
Cet instrument apparaissant dans le Roméo et Juliette de Prokofiev connaît principalement deux variétés, une milanaise et une napolitaine. Mandoline
45%
Cet instrument de petite taille et peu coûteux a été adapté du cavaquinho portugais avant de devenir traditionnel de la musique hawaïenne. Ukulélé
45%
Instrument de musique à cordes pincées populaire de Russie. C'est un luth à manche long à la caisse typiquement triangulaire. Balalaïka
36%
Instruments à vent Instrument à vent et à clavier comme un petit accordéon, le plus emblématique des instruments argentins, indissociable du tango. C’est le marchand d’instrument allemand Heinrich Band qui en 1843 améliore son ancêtre, le concertina. Bandonéon
36%
Cet instrument à cordes pincées introduit aux États-Unis par les esclaves africains a été utilisé dans les styles musicaux "Dixieland" et bluegrass. Banjo
36%
Instrument d'origine sud-américaine constitué par une coque contenant des grains durs, destiné à scander le rythme des danses. Maraca
36%
Xylophone principalement utilisé en Amérique latine (Colombie) dont chaque lame est prolongée par un résonateur en forme de tube. Marimba
36%
Cet instrument symbole de la musique hindoustanie a fait une entrée remarquée dans la musique pop grâce à George Harrison, élève de Ravi Shankar. Sitar
36%
Cet instrument à cordes est l'instrument national de la Grèce. Bouzouki
27%
Instruments à percussion Instrument de musique à percussion muni d’un clavier inventé en 1886. Les marteaux actionnés par les touches du clavier frappent des lames métalliques. C'est un hybride entre l'instrument ci-dessous et le piano. Il a été utilisé pour les premières notes de la musique de Harry Potter par John Williams. Célesta
27%
Cet instrument apparaissant à la fin du Moyen Âge servait essentiellement à l'étude. Il a inspiré le Clavinet, piano électrique utilisé dans la musique funk. Clavicorde
27%
Instrument constitué d'un tube fermé par une membrane. En chantonnant dans le tube, le musicien fait vibrer la membrane qui transforme le timbre de la voix en sons nasillards aux accents enfantins. Kazoo
27%
Le nom de ce vieil instrument sans frettes et très répandu dans les pays arabes vient du terme signifiant "bois" en arabe. Oud
27%
Le premier modèle de cet instrument préfigurant le piano a été conçu par Bartolomeo Cristofori en 1698. Piano-forte
27%
Électronique L'un des plus anciens instruments de musique électronique, inventé en 1920 par un Russe prénommé Léon et qui lui donna son nom. Composé d'un boîtier électronique équipé de deux antennes, l'instrument a la particularité de produire de la musique sans être touché par l’instrumentiste. Thérémine
27%
Sorte de xylophone d'Afrique occidentale comportant entre 16 et 27 notes produites par des lames de bois que l'on percute avec des baguettes et dont le son est amplifié par des calebasses disposées en dessous. Balafon
18%
Instrument composé de deux cylindres de taille moyenne sur lesquels est tendue une peau, que l'on tient généralement entre les genoux ou les cuisses et sur lequel on frappe normalement à mains nues. Bongo
18%
Instrument en forme de tambour à une membrane et de différentes tailles, on en joue de plusieurs à la fois. A l'origine, il était appelé tumbadora à Cuba. Conga
18%
Ce long instrument était utilisé pour prévenir un village d'un danger, ou pour appeler les villageois à l'église, car le son peut parcourir des longues distances, et faire des échos dans les vallées. Cor des Alpes
18%
Instrument à vent de la famille des tubas. Le musicien le porte autour de son tronc, ce qui rend son usage commode dans les musiques à cheval. Il fut popularisé par une chanson de Boby Lapointe. Hélicon
18%
Originaire de Chine, cet instrument de la famille des cithares est principalement utilisé dans la musique japonaise, notamment dans les théâtres kabuki et bunraku. Koto
18%
Instrument de musique à cordes originaire du Mali que l'on trouve en Afrique de l'Ouest (Mali, Gambie, Sénégal, Guinée et Guinée Bissau). Elle est jouée par le korafola qui est traditionnellement griot. Kora
9%
Flûte oblique dont l'embout est en roseau. Elle est très utilisée dans la musique traditionnelle arabe, turque et persane. Ney
9%
Cet instrument, souvent fabriqué à partir d'une corne de bovidé, est l'ancêtre de tous les cuivres occidentaux. N'émettant qu'un seul son, son usage était principalement militaire. Oliphant
9%
Instrument de musique traditionnel japonais à cordes pincées utilisé en musique japonaise. C'est un luth à long manche à la touche lisse. On joue de cet instrument à genoux. Shamisen
9%
Instruments à cordes Luth au manche modifié à deux chevilliers (têtes), dont un double, créé en Italie à la fin du XVIᵉ siècle. Théorbe
9%
Instrument composé d'une série de lames d'acier percutées et de tubes de résonance. Lionel Hampton l'a utilisé dans le jazz. Vibraphone
9%
Clarinette des charmeurs de serpent indiens. Pungi
0%
Aucun quiz correspondant
Distribution des résultats
% des personnes avec chaque résultat
Percentile par nombre de réponses
Votre historique - résultats
Vous n’avez pas pris ce quiz depuis la dernière actualisation